A casa dos pequenos cientistas (Record no. 14682)

MARC details
000 -LÍDER
campo de controle de tamanho fixo 00373 a2200157 4500
001 - NÚMERO DE CONTROLE
campo de controle 14682
020 ## - ISBN - INTERNATIONAL STANDARD BOOK NUMBER
ISBN - International Standard Book Number 9788578273965
040 ## - FONTE DA CATALOGAÇÃO
Instituição que transcreveu o registro Anchieta - Aquarius
100 ## - ENTRADA PRINCIPAL--NOME PESSOAL
Nome pessoal Hecker, Joachim
240 10 - TÍTULO UNIFORME
Título uniforme A casa dos pequenos cientistas
Idioma da obra por
245 10 - TÍTULO
Título A casa dos pequenos cientistas
300 ## - DESCRIÇÃO FÍSICA
Extensão 113
362 0# - DATAS DE PUBLICAÇÃO E/OU DESIGNAÇÃO SEQUENCIAL
Datas de publicação e/ou designação sequencial 2011
650 #4 - ASSUNTO--TERMO TÓPICO
Cabeçalho tópico ou nome geográfico Literatura infanto-juvenil
942 ## - ELEMENTOS DE ENTRADA ADICIONADOS (KOHA)
Tipo de material Koha Livros
Holdings
Situação do descarte Situação das perdas Situação física Não pode ser emprestado Biblioteca de origem Biblioteca atual Data de aquisição Total de empréstimos Número de chamada completo Código de barras Data de último acesso Data do último empréstimo Data do preço efetivo Tipo de material Koha Fonte da classificação ou esquema de arquivamento na estante
        Canadian School of Niterói - Piratininga Canadian School of Niterói - Piratininga 09/02/2024   HEC A12232 09/02/2024   09/02/2024 Livros  
        Colégio São Paulo Colégio São Paulo 22/11/2023   LI 028.5 H449c 7272/CSP 22/11/2023   22/11/2023 Livros  
        ECB - SUDOESTE ECB - SUDOESTE 30/04/2024   Year 5 028 HEC 9788563219329 30/04/2024   30/04/2024 Livros Classificação Decimal de Dewey
        Colégio Anchieta - Aquarius Inspira 21/11/2023 1 028.5 HEC CAS 6655/AQU 21/11/2023 21/11/2023 21/11/2023 Livros